Career women: a sociological analysis of problems and changing roles (Record no. 11285)

MARC details
000 -LEADER
fixed length control field 00412nam a2200145Ia 4500
082 ## - DEWEY DECIMAL CLASSIFICATION NUMBER
Classification number TS.0159 TS.0159
100 ## - MAIN ENTRY--AUTHOR NAME
Personal name Subbaiah, Rekha
245 #0 - TITLE STATEMENT
Title Career women: a sociological analysis of problems and changing roles
260 ## - PUBLICATION, DISTRIBUTION, ETC. (IMPRINT)
Year of publication 1975
Name of publisher University of Mysore
300 ## - PHYSICAL DESCRIPTION
Number of Pages 317p.
650 ## - SUBJECT ADDED ENTRY--TOPICAL TERM
Topical Term WOMEN - EMPLOYMENT - KARNATAKA - MYSORE
650 ## - SUBJECT ADDED ENTRY--TOPICAL TERM
Topical Term ROLE CONFLICT
710 ## - ADDED ENTRY--CORPORATE NAME
Corporate name or jurisdiction name as entry element Parvathamma, C.
942 ## - ADDED ENTRY ELEMENTS (KOHA)
Koha item type Thesis
Source of classification or shelving scheme Dewey Decimal Classification
Holdings
Withdrawn status Lost status Damaged status Not for loan Home library Current library Date acquired Full call number Accession Number Price effective from Koha item type
        NASSDOC Library NASSDOC Library 08/10/2004 TS.0159 TS.0159 9865 18/04/2019 Thesis